000 01017nam a2200277 a 4500
001 343
003 BR-CuiBMT
005 20231129135347.0
008 231101b spba 000 0 eng d
020 _a978853393575
040 _aBR-CuiBMT
_cBR-CuiBMT
080 _22007
_a336.11
_x(079.1)
090 _a336.11(079.1)
_bR642a
_c2. ed.
100 1 _aRoberto, Marcos
245 1 0 _aAdministração financeira e orçamentária :
_be estudos sobre a lei de responsabilidade fiscal /
_cMarcos Roberto
246 2 2 _aAdministração financeira e orçamentária :
_b& estudos sobre a lei de responsabilidade fiscal
250 _a2. ed.
260 _aSão Paulo :
_bRideel,
_c2015.
300 _a381 p. :
_bil. ;
_c20 cm
490 1 _aSérie concurso descomplicado
650 _aContabilidade pública
_xProblemas, exercícios etc.
650 _aAdministração financeira
_xProblemas, exercícios etc.
650 _aOrçamento público
_xProblemas, exercícios etc.
830 0 _aConcurso descomplicado
942 _2udc
_cLV
999 _c343
_d343